| 000 | 00472nam a22001097a 4500 | ||
|---|---|---|---|
| 008 | 110706t xxu||||| |||| 00| 0 eng d | ||
| 010 | _aHCROF146 | ||
| 245 | _aHigh Court Revision No. 3 OF 1995 (C.S NO. 27/93- Bushenyi Court) Karebu Karegeya Vs The Headmaster, Kyamuhunga Sec. School and 2 others | ||
| 260 | _c1995 | ||
| 500 | _aBEFORE: THE HON. MR. JUSTICE A.N. KAROKORA | ||
| 999 |
_c4588 _d4588 |
||